| 000 | 00869nas a2200313 4500 | ||
|---|---|---|---|
| 001 | BR0803653 | ||
| 003 | BR-BrBNA | ||
| 005 | 20231205112310.0 | ||
| 007 | ta | ||
| 008 | 230509b bl.|||p| |||| 00| 00por d | ||
| 040 |
_aBR-BrBNA _bpor _cBiblioteca Nacional de Agricultura |
||
| 041 | _a(Pt) | ||
| 072 | _aE70; E14 | ||
| 100 | 1 | _aNeves, M.F. | |
| 100 | 1 | _aLopes, F.F. | |
| 100 | 1 | _aTrombin, V.G. | |
| 100 | 1 | _aAmaro, A.A. | |
| 100 | 1 | _aNeves, E.M. | |
| 100 | 1 | _aJank, M.S. | |
| 245 | 1 | _aLaranja 1; mais gestão e tecnologia | |
| 650 | _aLARANJA | ||
| 650 | _aPESQUISA DE MERCADO | ||
| 650 | _aPRODUTIVIDADE | ||
| 650 | _aCOMERCIALIZAÇÃO | ||
| 650 | _aTRANSFERÊNCIA DE TECNOLOGIA | ||
| 773 | 0 |
_tAgroanalysis (Brazil) _xISSN 0100-4298 _g(Aug 2007), v. 27(8) p. 14-16 _wBR0803653 |
|
| 909 |
_a202311 _bLúcia _c55 _dLúcia Elande |
||
| 942 |
_2AGRIS _n0 _cANA |
||
| 999 |
_c197272 _d197272 |
||